[Event "Orsha A 2021"]
[Site "Orsha"]
[Date "2021.04.11"]
[Round "9.8"]
[White "Gamburg, Alexandr"]
[Black "Elkin, Leonid"]
[Result "1-0"]
[WhiteElo "1628"]
[BlackElo "2054"]
[Annotator "TA"]
[PlyCount "37"]
[EventDate "2021.04.06"]
[EventType "swiss"]
[EventCountry "BLR"]
[SourceTitle "playchess.com"]
[Source "ChessBase"]
[SourceQuality "1"]

{[%evp 19,37,26,26,26,27,17,42,27,35,34,51,45,73,43,80,73,141,133,272,270]} 1. c4 g6 2. Nc3 Bg7 3. d4 Nf6 4. e4 d6 5. Nf3 O-O 6. Be2 e5 7. d5 a5 8. O-O Na6 9. Be3 Ng4 10. Bg5 f6 11. Bh4 {E92: King's Indian: Classical: 6 Be2 e5: 7 dxe5, 7 Be3 and Petrosian System without 7...Nbd7.} Qe8 12. Ne1 Nh6 13. f3 {White is slightly better.} f5 14. Nd3 Nf7 15. a3 {[%cal Ba2a3,Ba3b4][%mdl 32] [#]} Bd7 $146 ({Predecessor:} 15... g5 16. Bf2 f4 17. b4 h5 18. bxa5 Qe7 19. Rb1 Nh6 20. Kh1 g4 21. Na4 Qg5 {1-0 (34) Preusse,G (2172)-Burridge,R (1986) ICCF email 2015}) 16. Bf2 Qe7 17. b4 axb4 (17... b6 $142) 18. axb4 $16 b6 (18... c6 $16) 19. Ra2 {Weighted Error Value: White=0.07/Black=0.33} 1-0